[Event "EU Small Countries ol 7th"]
[Site "Sliema"]
[Date "2021.12.03"]
[Round "8.5"]
[White "Mazkevich, Elena"]
[Black "Hale, Andrew"]
[Result "1/2-1/2"]
[WhiteElo "1696"]
[BlackElo "1892"]
[PlyCount "40"]
[EventDate "2021.11.28"]
[EventType "team-tourn"]
[EventRounds "9"]
[EventCountry "MLT"]
[SourceTitle "CBM 205 Extra"]
[Source "ChessBase"]
[SourceDate "2022.01.31"]
[SourceVersion "1"]
[SourceVersionDate "2022.01.31"]
[SourceQuality "1"]
[WhiteTeam "ESNA Women"]
[BlackTeam "Guernsey"]
[WhiteTeamCountry "NET"]
[BlackTeamCountry "GCI"]

1. d4 d6 2. c4 e5 3. dxe5 dxe5 4. Qxd8+ Kxd8 5. e4 Be6 6. Nf3 f6 7. Be3 Nd7 8. Nc3 c6 9. Be2 Kc7 10. 0-0 Nh6 11. Bxh6 gxh6 12. Rfd1 a5 13. a3 Be7 14. Rab1 a4 15. Rbc1 Nc5 16. h3 Rhd8 17. Nh2 Rd4 18. Ng4 Rad8 19. Nxh6 Rxd1+ 20. Rxd1 Rxd1+ 1/2-1/2

[Event "EU Small Countries ol 5th"]
[Site "Andorra"]
[Date "2017.11.18"]
[Round "9.5"]
[White "Muendle, Kurt"]
[Black "Hale, Andrew"]
[Result "1-0"]
[WhiteElo "1839"]
[BlackElo "1871"]
[PlyCount "111"]
[EventDate "2017.11.12"]
[EventType "team-tourn"]
[EventRounds "9"]
[EventCountry "AND"]
[SourceTitle "CBM 181 Extra"]
[Source "ChessBase"]
[SourceDate "2017.12.12"]
[SourceVersion "1"]
[SourceVersionDate "2017.12.12"]
[SourceQuality "1"]
[WhiteTeam "Liechtenstein"]
[BlackTeam "Guernsey"]
[WhiteTeamCountry "LIE"]
[BlackTeamCountry "GCI"]

1. d4 d6 2. Nf3 Bg4 3. c4 Nf6 4. Nc3 Nbd7 5. e4 e5 6. Be2 exd4 7. Nxd4 Bxe2 8. Qxe2 Be7 9. 0-0 0-0 10. Bg5 h6 11. Bh4 Nh7 12. Bxe7 Qxe7 13. Nd5 Qd8 14. Rad1 Nhf6 15. Nc3 Re8 16. Rfe1 Qc8 17. b4 Ne5 18. Nf3 Qg4 19. Nxe5 Qxe2 20. Rxe2 Rxe5 21. f3 Kf8 22. Nd5 Rc8 23. Nxf6 gxf6 24. Kf2 Rce8 25. Rd5 f5 26. Rxe5 Rxe5 27. exf5 Rxf5 28. Re4 d5 29. Rd4 dxc4 30. Rxc4 c6 31. g4 Rd5 32. Ke2 a5 33. Rc5 axb4 34. Rxd5 cxd5 35. Kd3 Ke7 36. Kd4 Ke6 37. h4 b6 38. f4 f6 39. g5 hxg5 40. hxg5 f5 41. g6 Kf6 42. Kxd5 Kxg6 43. Ke5 Kg7 44. Kxf5 Kf7 45. Ke5 Ke7 46. f5 Kf7 47. f6 b3 48. axb3 b5 49. b4 Kf8 50. Kd5 Kf7 51. Kc5 Kxf6 52. Kxb5 Ke7 53. Kc6 Kd8 54. Kb7 Kd7 55. b5 Kd8 56. Ka7 1-0